000 00233nam a2200097Ia 4500
001 838352
005 20250826172550.0
008 250824s9999 xx 000 0 und d
245 0 _aTUZAK
_cYAVUZ BAHADIROĞLU
260 _bPANAMA YAYINLARI
999 _c838352
_d838352